[Event "Trento op"]
[Site "Trento"]
[Date "2008.03.29"]
[Round "3"]
[White "Amico, Antonino"]
[Black "Filosi, Andrea"]
[Result "1/2-1/2"]
[WhiteElo "1407"]
[BlackElo "1500"]
[PlyCount "85"]
[EventDate "2008.03.28"]
[EventType "swiss"]
[EventRounds "5"]
[EventCountry "ITA"]
[SourceTitle "EXT 2011"]
[Source "ChessBase"]
[SourceDate "2010.11.26"]
[SourceVersion "1"]
[SourceVersionDate "2010.11.26"]
[SourceQuality "1"]

1. d4 d5 2. c4 c6 3. Nc3 Nf6 4. Bg5 Bf5 5. e3 e6 6. Bd3 Bxd3 7. Qxd3 h6 8. Bxf6 Qxf6 9. Nf3 Nd7 10. 0-0 Bd6 11. e4 Qg6 12. c5 Bc7 13. Rae1 Nf6 14. b4 a5 15. b5 Nh5 16. Qe3 Nf4 17. Nh4 Qg5 18. Qg3 Ne2+ 19. Nxe2 Bxg3 20. fxg3 dxe4 21. bxc6 bxc6 22. Rb1 Qe3+ 23. Rf2 0-0 24. Rb3 Qg5 25. Nc3 Qe7 26. Nxe4 Rab8 27. Nd6 Rxb3 28. axb3 Rb8 29. Rxf7 Qxf7 30. Nxf7 Kxf7 31. Nf3 Ke7 32. Ne5 Rxb3 33. Nxc6+ Kd7 34. Nxa5 Rb4 35. c6+ Kc7 36. Nb7 Kxc6 37. Nc5 Kd5 38. Nd3 Rxd4 39. Nf4+ Kd6 40. Kf2 e5 41. Ke3 Ra4 42. Nh5 g6 43. Nf6 1/2-1/2